| 000 | 00725nam a22002537a 4500 | ||
|---|---|---|---|
| 003 | OSt | ||
| 005 | 20260530113911.0 | ||
| 008 | 260430b1995 sz a|||| |||| 001 0 eng d | ||
| 020 | _a2880462576 | ||
| 040 |
_aICI _bspa _cICI _erda |
||
| 041 | _aeng | ||
| 050 |
_aNC997 _bC55 |
||
| 100 |
_aCliff, Stafford, _eautor _933426 |
||
| 245 | 1 | 4 | _aThe best in retail corporate identity |
| 264 |
_aMies, Switzerland _bRotoVision, _c1995 |
||
| 300 |
_a224 páginas : _bilustraciones (color) |
||
| 336 |
_2rdacontent _atexto |
||
| 337 |
_2rdamedia _asin medio |
||
| 338 |
_2rdacarrier _avolumen |
||
| 650 | 1 | 4 | _2Identidad corporativa |
| 650 | 2 | 4 | _2Diseño gráfico |
| 650 | 2 | 4 |
_2Comercio minorista _xDiseño _92672 |
| 942 |
_2lcc _n1 _cBK |
||
| 999 |
_c12136 _d12136 |
||